00675nam a2200169Ia 4500008004100000100001700041245016800058245005100226260005900277260000900336300000900345650001800354650001500372856002600387999001900413952007300432170221s9999 xx 000 0 und d aJae Hee Park 4aThe Power of Political Boycott in Online Communities and Blogs:Exploring Online Political Debaters on the Korean Government’s Beef Trade Policies with the U.S.  cJae Hee Park, Daniel M. Haygood, Hyun Jung Yun bOnline Journal of Communication and Media Technologies c2016 a15 : xCommunication xMedia Arts uhttp://www.ojcmt.net/ c312902d312902 001040aCLbCLd2017-02-21l0r2017-02-21 00:00:00w2017-02-21yFOJ